000 02251nam0a2200385 i 4500
001 RU\NLR\BIBL_A\010859882
005 20241101010816.0
010 _a9785190110142
_91200
021 _aRU
_b2015-68926
_94127
035 _a(NILC)RuMoRGB-008014832
035 _a(NLR Aleph) 010859882
090 _a10415588
_c10415588
100 _a20151012d2015 u y0rusy50 ca
101 0 _arus
_deng
102 _aRU
105 _ay|||j|||001yy
200 1 _aИстория международных отношений: движущие силы, глобальные тенденции
_dThe history of international relations: driving forces, global tendencies
_eучебник для бакалавров по направлению подготовки "Международные отношения"
_fШахалилов Шамансур
_gМоск. гос. ун-т им. М.В. Ломоносова, Фак. глоб. процессов, Каф. глобалистики
_zeng
210 _aМосква
_cИзд-во Московского университета (МГУ)
_d2015
215 _a557, [1] с.
_d21
225 1 _aСерия Основы глобалистики
_dSeries Basics of globalistics
_iИсторическое измерение
_zeng
300 _aАвт. также на англ. яз.: Shakhalilov Shamansur
300 _aНа 4-й с. обл. авт.: Шахалилов Шамансур - д.ист.н., проф.
300 _aРез. на англ. яз.
320 _aБиблиогр. в конце гл.
320 _aУказ. имен в конце кн.
510 1 _6z11790
_aHistory of international relations: driving forces, global tendencies
_zeng
606 1 _aМеждународные отношения
_jУчебники для высших учебных заведений
_xИстория
_91554533
_3RU\NLR\AUTH\66679256
686 1 _aТ3(0)0-6я73
700 1 _7ca
_8rus
_aШахалилов
_bШ. Ш.
_gШамансур Шахалилович
_9150480
_3RU\NLR\AUTH\770150517
790 1 _7ba
_8rus
_aŠachalilov
_bŠ. Š.
_gŠamansur Šachalilovič
_9150483
_3RU\NLR\AUTH\770150520
801 0 _aRU
_bРГБ
_c20150907
_gRCR
942 _cBOOK
980 _aNBR